[Event "GER-chT School WK 4"]
[Site "Playchess.com INT"]
[Date "2020.06.16"]
[Round "4.4"]
[White "Brusilowskyy, Herrmann"]
[Black "Ruth, Philip"]
[Result "0-1"]
[WhiteElo "1489"]
[BlackElo "1454"]
[PlyCount "118"]
[EventDate "2020.06.16"]
[EventType "team-swiss (blitz)"]
[EventRounds "5"]
[EventCountry "GER"]
[SourceTitle "EXT 2021"]
[Source "ChessBase"]
[SourceDate "2020.10.23"]
[SourceVersion "1"]
[SourceVersionDate "2020.10.23"]
[SourceQuality "1"]
[WhiteTeam "Luebeck Katharineum"]
[BlackTeam "St Blasien Kolleg"]
[WhiteTeamCountry "GER"]
[BlackTeamCountry "GER"]

1. e4 e5 2. Nf3 Nc6 3. Nc3 Bc5 4. d3 Nf6 5. h3 0-0 6. Be2 d6 7. Bd2 Be6 8. Qc1 Bb4 9. a3 Bxc3 10. Bxc3 a6 11. Qg5 h6 12. Qg3 Nh5 13. Qh2 Nf4 14. g3 Nxe2 15. Kxe2 Rc8 16. Bd2 d5 17. exd5 Bxd5 18. c4 Nd4+ 19. Kd1 Bxf3+ 20. Ke1 Bxh1 21. Qxh1 Nb3 22. Rb1 Nxd2 23. Kxd2 b6 24. g4 Re8 25. Rg1 e4 26. h4 Qxd3+ 27. Kc1 Qxc4+ 28. Kb1 e3 29. fxe3 Rxe3 30. g5 hxg5 31. hxg5 Qe4+ 32. Ka1 Qxh1 33. Rxh1 f6 34. gxf6 gxf6 35. Rg1+ Kf7 36. Rh1 c5 37. Rc1 f5 38. Rf1 Kf6 39. Rh1 Ke5 40. Rd1 f4 41. Rf1 Rd8 42. Kb1 f3 43. Kc2 Kf4 44. Kc1 b5 45. Kc2 Re2+ 46. Kc1 f2 47. Kb1 Re1+ 48. Rxe1 fxe1Q+ 49. Kc2 Qd2+ 50. Kb3 c4+ 51. Ka2 Qc1 52. a4 Rd1 53. Ka3 Qa1+ 54. Kb4 Qxb2+ 55. Kc5 bxa4 56. Kxc4 Qc2+ 57. Kb4 Rb1+ 58. Ka5 Qc5+ 59. Kxa6 Qb6# 0-1